| 000 | 00982nam a2200253 a 4500 | ||
|---|---|---|---|
| 001 | 40960 | ||
| 003 | BD-RjUL | ||
| 005 | 20211209053314.0 | ||
| 008 | 160512s1962 bg ||||| |||| 00| 0 ben d | ||
| 020 | _c: PRs. 1.50 | ||
| 035 | _a(BD-RjUL)41076 | ||
| 040 |
_aBD-RjUL _bben _cBD-RjUL _dBD-RjUL |
||
| 041 | _aben | ||
| 082 |
_223 _a891.442 _bSHR 1962 |
||
| 100 | 1 |
_aশাইখ, আসকার ইবনে _9126066 |
|
| 245 | 1 | 0 |
_aরক্তপদ্ম / _cআসকার ইবনে শাইখ |
| 260 |
_aঢাকা : _bবাঙ্ লা একাডেমী, _c১৯৬২ (চৈত্র, ১৩৬৮) |
||
| 300 |
_a[৮], ৭০ পৃ. ; _c২৩ সেমি. |
||
| 490 |
_aনাট্য-সাহিত্য-গ্রন্থমালা ; _v২ |
||
| 650 |
_aবাংলা নাটক _9126067 |
||
| 650 |
_aBengali Drama _9126068 |
||
| 830 |
_aনাট্য-সাহিত্য-গ্রন্থমালা ; _v২ _9234436 |
||
| 942 |
_2ddc _cBK |
||
| 999 |
_c40960 _d40960 |
||